000 00590nam a22001697a 4500
005 20251108171023.0
008 250721s1980 xx 000 0 ara d
082 1 4 _a914.6/غزا
100 1 _aالغزالي، أحمد بن المهدي
245 1 0 _aنتيجة الإجتهاد في المهادنة و الجهاد- رحلةالغزال و سفارته إلى الأندلس /
264 1 _aبيروت :
_bدار الغرب الإسلامي،
_c1980.
300 _a247ص
650 1 7 _aأسبانيا
650 1 7 _aالرحلات و الوصف
942 _2ddc
_cBK
999 _c54574
_d54574